000 00904nam a2200325Ia 4500
001 Z_1141
003 CHAP
008 220113s1986 xx 000 0 und d
010 _a164222
020 _a968-25-1073-2
040 _cCHAP
082 _a574.5248 038
100 _aOdum, Eugene Pleasants, 1913-
_9138321
245 _aFundamentos de ecología /
_cEugene P. Odum; traducción Ramón Elizondo Mata
260 _aMéxico :
_bInteramericana,
_c1986
300 _avii, 422 p.
500 _aTraducción y adaptación de la obra en íngles: Basic Ecology
503 _aej.1: C/E
504 _aBibliografía: p. 407 - 411
650 _aEcología
_935134
650 _aEcología poblacional
_9138322
650 _aEcosistemas
_9138323
700 _aElizondo Mata, Ramón, tr.
901 _a574.5248 038
902 _aM
910 _a1986
942 _c1
942 _cc1
999 _c164222
_d164222